Największe miasta w Polsce z krótką nazwą - Statystyki

Ogólne statystyki
  • Ten quiz został rozwiązany 649 razy
  • Średni wynik to 6 z 10
Statystyki odpowiedzi
Miejsce Nazwa Liczba miszkańców Województwo % Poprawnych
1. Łódź 685.285 łódzkie
96%
4. Ełk 61.928 warmińsko-mazurskie
84%
2. Piła 73.398 wielkopolskie
73%
5. Nysa 44.044 opolskie
58%
3. Żory 62.456 śląskie
53%
9. Koło 21.994 wielkopolskie
50%
6. Żary 37.682 lubuskie
48%
8. Reda 25.810 pomorskie
40%
10. Pisz 19.318 warmińsko-mazurskie
36%
7. Śrem 29.714 wielkopolskie
33%
Nie znaleziono quizów pasujących do podanych kryteriów
Rozkład punktacji
Procent ludzi z każdym wynikiem
Percentyl według liczby udzielonych odpowiedzi
Twoja historia wyników
Nie rozwiązałeś tego quizu